Statistics for US States with Most New Covid-19 Cases

Click here to take the quiz!

General Stats

  • This quiz has been taken 16 times
  • The average score is 13 of 16

Answer Stats

new casesstate% Correct
4179California
100%
2610Florida
100%
582New York
100%
New York
100%
Illinois
94%
3511Texas
94%
New Jersey
88%
Pennsylvania
81%
1827Arizona
75%
952Georgia
75%
Massachusetts
75%
928Louisiana
69%
1027North Carolina
69%
Indiana
63%
566South Carolina
56%
560Maryland
44%

Score Distribution

Percentile by Number Answered

Percent of People with Each Score

Your Score History

You have not taken this quiz